01048cam a2200229 a 450000100100000000500170001000800410002702000220006804000230009008200140011324500840012726000390021130000210025044000490027150001200032050001410044065000360058170000350061791000340065295201170068699900150080300000274520200929150241.0840329s1983 nyu 001 0 spa  a0910235015 (pbk.) aDO-SdBNPcDLCdDLC a861bE79U00aEsta urticante pasión de la pimienta. /cArnaldo Sepulveda, editor del Junte. aNueva York :bPrisma Books,c1983. a127 p. ;c18 cm. 0aJunte del Taller Literario Rácatav198646 aPrograma de Arte y Cultura. Colegio Comunal Eugenio María de Hostos de la Universidad de la Ciudad de Nueva York. aPatrocinado por el Comitéa asesor del Consejo de Hostos, con fondos del Departamento de Asuntos Culturales de la Ciudad de Nueva York. 0aPoesía hispanoamericana981601 aSepulveda, Arnaldo.eed.98647 aCatalogación por copia / LC 001052708MOaGRbGRcCTd2009-07-03iLF1l0o861 E79Up2745-10r2020-06-25w2020-06-25y2ZPréstamo interno c2579d2579